000 00556nam a2200169 i 4500
001 121938
003 ES-MaACL
005 20230906191855.0
007 t|
008 070214q1955 sp r ||||1| spa d
100 1 _aPoch Viñals, Rosendo (
_d1913-1986)
_992699
245 1 0 _aAudiometría liminar
_b: estudio crítico de los problemas que plantea en el momento actual /
_cR. Poch Viñals.
260 _aMadrid :
_bPaz Montalvo,
_c[1955?]
300 _a109 p. :
_bil. ;
_c21 cm.
650 4 _aAudiometría.
_9169065
852 _aES-MaACL
_jC-9573
_bR.37630
999 _c121938
_d121938